Statistics for IQ TEST part-1

Click here to take the quiz!

General Stats

  • This quiz has been taken 324 times
  • The average score is 5 of 10

Answer Stats

QuestionAnswer% Correct
Kuroshio is a warm ocean current which runs fromPhilippines
89%
Which current raises the temperature near the eastern coasts of north america and the western coast of europeGulf stream
72%
The tropical grasslands in venezuela and colombia are known asLlanos
62%
The great indian desert lies to the west ofAravali range
58%
Niagra falls is located nearLake erie
52%
Which great scientist was the writer of the book principiaIssac newton
50%
Aswan dam has been built on which riverNile
50%
World forestry day is observed on21 march
41%
Which vitamin is also known as pyridoxineVitamin B
37%
World wetlands day is observed on2 february
32%

Score Distribution

Percentile by Number Answered

Percent of People with Each Score

Your Score History

You have not taken this quiz